| 000 | 00000nam##2200000za#4500 |
| 001 | 9.614538 |
| 003 | CaOODSP |
| 005 | 20210615100911 |
| 007 | ta |
| 008 | 150406|1998||||xxc||||| f|0| 0 eng|d |
| 020 | |a0-662-27149-1 |
| 040 | |aCaOODSP|beng |
| 043 | |an-cn--- |
| 086 | 1 |aF21-6/1998-10E |
| 110 | 1 |aCanada.|bDepartment of Finance.|bTask Force on the Future of the Canadian Financial Services Sector. |
| 245 | 10|aFinancing knowledge-based small business / |cPrepared by the Groupe Secor Inc. |
| 260 | |aOttawa - Ontario : |bFinance Canada. |c1998. |
| 300 | |a44p. : |bgraphs, tables ; |c28 cm. |
| 490 | 1 |aResearch paper prepared for the Task Force on the Future of the Canadian Financial Services Sector |
| 500 | |aN.B.: Incorrect catalogue number (BT22-61/3-1998E-10) printed in this publication. |
| 563 | |aSoftcover |
| 590 | |a98-45|b1998-11-06 |
| 690 | 07|aFinance|2gcpds |
| 690 | 07|aSmall businesses|2gcpds |
| 775 | 08|tLe financement des petites entreprises axées sur le savoir / |w(CaOODSP)9.624856 |
| 776 | 0#|tFinancing knowledge-based small business / |w(CaOODSP)9.572305 |
| 830 | #0|aResearch paper prepared for the Task Force on the Future of the Canadian Financial Services Sector.|w(CaOODSP)9.514612 |